LEADER 01410nam a2200289 i 4500 001 991001660009707536 008 120405s1985 ua a b 000 0 fre 020 $a2724700155 (set) 020 $a2724700163 (v. 1) 020 $a2724700171 (v. 2) 035 $ab14049363-39ule_inst 040 $aBiblioteca Interfacoltà$bita 082 04$a932 100 1 $aGoyon, Jean Claude$0473504 245 14$aLes dieux-gardiens et la genèse des temples :$bd'après les textes égyptiens de l'époque gréco-romaine : les soixante d'Edfou et les soixante-dix-sept dieux de Pharbaethos /$cJean-Claude Goyon 260 $a[Cairo] :$bInstitut Francais d'Archeologie Orientale,$cc1985 300 $a2 v. :$bill. ;$c28 cm. 440 0$aBibliothéque d'étude ;$v93 504 $aBibliografia: v. 2, p. [11]-24 650 4$aReligione$zEgitto antico$xGeni-guardiani$xFonti$xPeriodo tolemaico-romano 907 $a.b14049363$b02-04-14$c05-04-12 912 $a991001660009707536 945 $aLE002 Museo Papirologico BELT Coll. BiEtud 093$cv. 1$g1$i2002000633453$lle002$og$pE11.50$q-$rn$so $t0$u0$v0$w0$x0$y.i15397701$z05-04-12 945 $aLE002 Museo Papirologico BELT Coll. BiEtud 093$cv. 2$g1$i2002000633460$lle002$og$pE11.50$q-$rn$so $t0$u0$v0$w0$x0$y.i15397725$z05-04-12 996 $aDieux-gardiens et la genèse des temples$9238375 997 $aUNISALENTO 998 $ale002$b05-04-12$cm$da $e-$ffre$gua $h4$i0 LEADER 03957nam 22011054a 450 001 9910139296803321 005 20230829010612.0 010 $a88-15-14001-8 035 $a(CKB)2470000000005460 035 $a(MH)009932869-0 035 $a(SSID)ssj0000734359 035 $a(PQKBManifestationID)12340806 035 $a(PQKBTitleCode)TC0000734359 035 $a(PQKBWorkID)10723211 035 $a(PQKB)22944987 035 $a(EXLCZ)992470000000005460 100 $a20060313d2006 uy 0 101 0 $aita 181 $ctxt 182 $cc 183 $acr 200 10$aAnimare la vita $edisciplina della nascita tra medicina e morale nell'Ottocento /$fEmmanuel Betta$b[electronic resource] 210 $aBologna $cIl mulino$dc2006 215 $a1 online resource (367 p. ) 225 1 $aRicerca 300 $aBibliographic Level Mode of Issuance: Monograph 311 $a88-15-10880-7 320 $aIncludes bibliographical references and index. 410 0$aRicerca (Società editrice il Mulino) 517 $aAnimare la vita: Disciplina della nascita tra medicina e morale nell'Ottocento 517 $aAnimare la vita. Disciplina della nascita tra medicina e morale nell'Ottocento 606 $aChildbirth$zEurope$xHistory$y19th century 606 $aChildbirth$xMoral and ethical aspects$zEurope$xHistory$y19th century 606 $aObstetrics$zEurope$xHistory$y19th century 606 $aObstetrics$xMoral and ethical aspects$zEurope$xHistory$y19th century 606 $aSpecialties, Surgical 606 $aPregnancy 606 $aEthics 606 $aHistory, Modern 1601- 606 $aFemale Urogenital Diseases and Pregnancy Complications 606 $aHistory 606 $aReproduction 606 $aHumanities 606 $aMedicine 606 $aDisease 606 $aReproductive Physiological Phenomena 606 $aHealth Occupations 606 $aDisciplines and Occupations 606 $aReproductive Physiological Phenomena 606 $aReproductive and Urinary Physiological Phenomena 606 $aPhenomena and Processes 606 $aObstetrics 606 $aHistory, 19th Century 606 $aPregnancy Complications 606 $aParturition 606 $aBioethical Issues 606 $aMedicine$2HILCC 606 $aHealth & Biological Sciences$2HILCC 606 $aGynecology & Obstetrics$2HILCC 615 0$aChildbirth$xHistory 615 0$aChildbirth$xMoral and ethical aspects$xHistory 615 0$aObstetrics$xHistory 615 0$aObstetrics$xMoral and ethical aspects$xHistory 615 2$aSpecialties, Surgical. 615 2$aPregnancy. 615 2$aEthics. 615 2$aHistory, Modern 1601- 615 2$aFemale Urogenital Diseases and Pregnancy Complications. 615 2$aHistory. 615 2$aReproduction. 615 2$aHumanities. 615 2$aMedicine. 615 2$aDisease. 615 2$aReproductive Physiological Phenomena. 615 2$aHealth Occupations. 615 2$aDisciplines and Occupations 615 2$aReproductive Physiological Phenomena. 615 2$aReproductive and Urinary Physiological Phenomena. 615 2$aPhenomena and Processes 615 2$aObstetrics. 615 2$aHistory, 19th Century. 615 2$aPregnancy Complications. 615 2$aParturition. 615 2$aBioethical Issues. 615 7$aMedicine 615 7$aHealth & Biological Sciences 615 7$aGynecology & Obstetrics 700 $aBetta$b Emmanuel$0500594 801 0$bItFiC 801 1$bItFiC 906 $aBOOK 912 $a9910139296803321 996 $aAnimare la vita$9720829 997 $aUNINA 999 $aThis Record contains information from the Harvard Library Bibliographic Dataset, which is provided by the Harvard Library under its Bibliographic Dataset Use Terms and includes data made available by, among others the Library of Congress